| 000 | 00714nam a22002417a 4500 | ||
|---|---|---|---|
| 001 | 87080 | ||
| 003 | UA-OsUOA | ||
| 005 | 20220501152702.0 | ||
| 007 | ta | ||
| 008 | 20120914b un ||||| |||| 00| 0 ukr d | ||
| 040 |
_aUA-OsUOA _brus _cUA-OsUOA _dUA-OsUOA |
||
| 041 | _arus | ||
| 080 | _a82.09(470+571) | ||
| 090 |
_a82.09(470+571) _bК78 |
||
| 100 | _aКравцов Н. И. | ||
| 245 | _aРусское устное народное творчество | ||
| 260 |
_aМ. _bВысш. школа _c1977 |
||
| 300 | _a375 с. | ||
| 650 | 7 |
_a82.09 Літературна критика. Літературні дослідження _2UDC |
|
| 700 | _aЛазутин С. Г. | ||
| 942 |
_cBK _2udc |
||
| 955 | _a5 | ||
| 999 |
_c373372 _d373372 |
||